| 000 | 00436nam a2200157 i 4500 | ||
|---|---|---|---|
| 001 | 63517 | ||
| 003 | ES-MaACL | ||
| 005 | 20230906164908.0 | ||
| 007 | t| | ||
| 008 | 031211s1967 sp ||||1| spa d | ||
| 100 | 1 |
_aFerreres, Rafael. _950537 |
|
| 245 | 1 | 0 |
_aEduardo Escalante _b: el hombre y la obra / _cRafael Ferreres. |
| 260 |
_aValencia : _bPrometeo, _c1967. |
||
| 300 |
_a164 p. ; _c24 cm. |
||
| 852 |
_aES-MaACL _jC-34032 _bR.64932 |
||
| 999 |
_c63517 _d63517 |
||